000
00337pab a2200145 454500
008
180718b1989 xxu||||| |||| 00| 0 eng d
100
_a
Desai, P.B.
245
_a
Urbanisation - the Asian Scene
260
_c
1989
300
_a
49-73
362
_a
Jan.-Jun.
650
_a
Urbanisation - Asia
773
_a
Urban India
909
_a
20383
999
_c
20383
_d
20383